[Event "It (cat.7)"]
[Site "Budapest (Hungary)"]
[Round "9"]
[White "Hoang Thanh Trang (HUN)"]
[Black "Vadasz Laszlo (HUN)"]
[Result "1-0"]
[WhiteElo "2360"]
[BlackElo "2380"]

1.d4 d6 2.c4 e5 3.Nf3 e4 4.Ng5 f5 5.g3 Be7 6.Nh3 Nf6 7.Bg2 Be6 8.d5 Bf7 9.Nc3
O-O 10.O-O Nbd7 11.f3 exf3 12.exf3 a5 13.Qc2 Nc5 14.Be3 Nfd7 15.Rfe1 Bf6
16.Rad1 g5 17.f4 Bh5 18.Rd2 Bg6 19.Bd4 h6 20.Nb5 g4 21.Nf2 Rc8 22.Nxg4 {#r}
1-0

[Event "Cup Tel Aviv (active)"]
[Site "Tel Aviv (Israel)"]
[Round "1"]
[White "Mikhalevski Alexander (ISR)"]
[Black "Gofshtein Zvulon (ISR)"]
[Result "0-1"]
[WhiteElo "2460"]
[BlackElo "2545"]

1.d4 d6 2.c4 e5 3.d5 Be7 4.Nc3 a5 5.e4 Bg5 6.Bxg5 Qxg5 7.Nf3 Qe7 8.c5 Nf6
9.cxd6 cxd6 10.Bb5+ Bd7 11.Qe2 O-O 12.Nd2 Bg4 13.Qe3 Rc8 14.O-O Na6 15.Nc4 Rc5
16.Nxa5 Nc7 17.Nxb7 Rxb5 18.Nxb5 Nxb5 19.Qb6 Be2 20.Rfc1 Nxe4 21.a4 Nd4 22.Qc7
Qf8 23.f3 Nf6 24.Rc6 Nxd5 25.Qxd6 Qxd6 26.Rxd6 Nc2 27.Kf2 {#R} 0-1

[Event "Ch Netherlands (1/2 final)"]
[Site "Enschede (Netherlands)"]
[Round "5"]
[White "Bark Eric (NED)"]
[Black "De Heer Machiel (NED)"]
[Result "0-1"]
[WhiteElo "2295"]
[BlackElo "2226"]

1.d4 d6 2.Nf3 Bg4 3.c4 Nd7 4.Nc3 Bxf3 5.gxf3 e6 6.f4 c6 7.d5 Ngf6 8.dxe6 fxe6
9.Bh3 Qe7 10.Be3 g6 11.Qd2 Bg7 12.O-O-O d5 13.f5 gxf5 14.Rhg1 Ne5 15.cxd5 cxd5
16.Bg5 Qb4 17.Qe3 Ne4 18.a3 Qc4 19.Rd4 Qc6 20.Bf4 Ng6 21.Rd3 Rc8 22.Kb1 Bxc3
23.Rc1 Nxf4 24.Qxf4 Qb6 25.Rdxc3 Rxc3 26.Qb8+ Ke7 27.Qxh8 Nd2+ {#R} 0-1

[Event "Ch Finland (juniors)"]
[Site "Finland"]
[Round "6"]
[White "Sisatto Olli (FIN)"]
[Black "Verkasalo Tommi (FIN)"]
[Result "1-0"]
[WhiteElo "2261"]
[BlackElo "2187"]

1.d4 d6 2.Nf3 Bg4 3.e4 Nf6 4.Nc3 g6 5.Bc4 Bg7 6.Be3 Nbd7 7.h3 Bxf3 8.Qxf3 c6
9.O-O O-O 10.a4 Qc7 11.Qd1 Rfd8 12.f4 e5 13.Qe1 Nb6 14.Bb3 exd4 15.Bxd4 c5
16.Bxf6 Bxf6 17.Nb5 Qc6 18.e5 Re8 19.Nxd6 Re7 20.Bxf7+ Kg7 21.exf6+ Kxf6
22.Qc3+ {#r} 1-0

[Event "Tournament (open)"]
[Site "Italy"]
[Round "2"]
[White "Laketic Gojko (SRB)"]
[Black "Marzano Carlo (ITA)"]
[Result "1-0"]
[WhiteElo "2445"]
[BlackElo "2152"]

1.d4 d6 2.c4 e5 3.Nf3 exd4 4.Nxd4 g6 5.Nc3 Bg7 6.g3 Nc6 7.Nc2 Nge7 8.Bg2 O-O
9.O-O Be6 10.Nd5 h6 11.Rb1 Rb8 12.b3 Kh7 13.Bb2 Bxb2 14.Rxb2 Ng8 15.Qd2 f5
16.Rd1 a6 17.Qc1 Nf6 18.Nce3 Bg8 19.b4 Ne7 20.Qc3 Nexd5 21.cxd5 Ne4 22.Qd4 Qe7
23.Rc2 Rbc8 24.Rdc1 Rfe8 25.Bxe4 fxe4 26.Qa7 {#r} 1-0

[Event "It (open)"]
[Site "San Sebastian (Spain)"]
[Round "0"]
[White "Manso Marquez Felix (ESP)"]
[Black "Iruzubieta Jesus Maria (ESP)"]
[Result "0-1"]
[WhiteElo "2108"]
[BlackElo "2410"]

1.d4 d6 2.c4 f5 3.g3 g6 4.Bg2 Nf6 5.Nh3 Bg7 6.d5 c5 7.O-O O-O 8.Nc3 Nbd7 9.Nf4
Ne5 10.b3 Rb8 11.Qc2 Ne8 12.Bb2 Nc7 13.Rae1 Qe8 14.e4 g5 15.Nh3 f4 16.Nxg5 f3
17.Bh3 Bxh3 {#R} 0-1

[Event "Ch Estonia"]
[Site "Tallinn (Estonia)"]
[Round "8"]
[White "Shishkov Andrei (EST)"]
[Black "Neff Sergei (EST)"]
[Result "0-1"]
[WhiteElo "2150"]
[BlackElo "2340"]

1.d4 d6 2.c4 e5 3.dxe5 dxe5 4.Qxd8+ Kxd8 5.Nc3 Be6 6.e3 c6 7.Bd2 Nd7 8.O-O-O
Kc7 9.f4 Nh6 10.e4 Nb6 11.b3 Ng4 12.Nh3 Bc5 13.Re1 Rhd8 14.Be2 Ne3 15.b4 Bxb4
16.Bxe3 Bxc3 17.c5 Na4 18.Rd1 Bb4 {#R} 0-1

[Event "It (open)"]
[Site "Kilkenny (Ireland)"]
[Round "2"]
[White "Short Philip M (IRL)"]
[Black "Watson William N (ENG)"]
[Result "0-1"]
[WhiteElo "2295"]
[BlackElo "2540"]

1.d4 d6 2.c4 e5 3.e3 Nd7 4.Nc3 g6 5.h4 Ngf6 6.g4 exd4 7.exd4 Qe7+ 8.Be3 Nb6
9.Be2 h6 10.Nh3 Bd7 11.Nf4 Bc6 12.Rh3 Bg7 13.d5 Bd7 14.Bxb6 Nxg4 15.Bd4 Ne5
16.Re3 Qxh4 17.Bxe5 dxe5 18.Nd3 Qh2 19.Nc5 Bf5 20.Qa4+ Kf8 21.Nb5 e4 22.Nxb7
Be5 23.c5 Kg7 24.Nxc7 Bxc7 25.d6 Rab8 {#R} 0-1

[Event "It (cat.4)"]
[Site "Petach Tikva (Israel)"]
[Round "0"]
[White "Helving Yuval (ISR)"]
[Black "Kantsler Boris (ISR)"]
[Result "0-1"]
[WhiteElo "2079"]
[BlackElo "2455"]

1.d4 d6 2.c4 e5 3.dxe5 dxe5 4.Qxd8+ Kxd8 5.g3 Be6 6.Bg2 c6 7.b3 Ne7 8.Nf3 f6
9.Ba3 Nd7 10.Nc3 Nc8 11.Bxf8 Rxf8 12.O-O-O Ke7 13.Rd2 Ncb6 14.Ne4 a5 15.a4 f5
16.Nd6 Nc5 17.Kc2 e4 18.Ng5 Bg8 19.h4 h6 20.Nh3 Rad8 21.Rhd1 Rd7 22.f3 e3
23.Rd3 Nxd3 24.Rxd3 Rxd6 {#R} 0-1

[Event "It (open)"]
[Site "Ubeda (Spain)"]
[Round "8"]
[White "Fernandez Siles Luis (ESP)"]
[Black "Galego Luis (POR)"]
[Result "0-1"]
[WhiteElo "2260"]
[BlackElo "2435"]

1.d4 d6 2.g3 e5 3.dxe5 dxe5 4.Qxd8+ Kxd8 5.Bg2 c6 6.Nf3 f6 7.O-O Kc7 8.b3 Na6
9.a3 Bf5 10.c4 Nc5 11.Nbd2 a5 12.Bb2 Nh6 13.Rac1 Nf7 14.Rfd1 Be7 15.Bc3 Rhd8
16.Kf1 Nxb3 17.Nxb3 Rxd1+ 18.Rxd1 Bc2 19.Rd2 Bxb3 20.Bh3 Bd6 21.c5 Bxc5
22.Rd7+ Kb6 23.Nd2 Bd5 24.e4 Ba2 {#R} 0-1

[Event "Olympiad (w)"]
[Site "Yerevan (Armenia)"]
[Round "3"]
[White "Olbrich Marina (GER)"]
[Black "Bandziene Rasa (LTU)"]
[Result "1-0"]
[WhiteElo "2310"]
[BlackElo "2170"]

1.d4 d6 2.Nf3 Bg4 3.e4 Nd7 4.h3 Bh5 5.Nc3 e5 6.Be3 Ngf6 7.g4 Bg6 8.Bd3 c6
9.Qe2 Be7 10.O-O-O Qc7 11.Nd2 b5 12.f4 exf4 13.Bxf4 O-O-O 14.d5 b4 15.dxc6
bxc3 16.cxd7+ Nxd7 17.Ba6+ Kb8 18.Nb3 Nc5 19.Nxc5 Qxc5 20.Rd5 cxb2+ 21.Kb1 Qc6
22.Rb5+ Ka8 23.Bb7+ Qxb7 24.Rxb7 Kxb7 25.Qb5+ Kc7 26.e5 d5 27.e6+ Bd6 28.Qc5+
{#r} 1-0

[Event "It (open)"]
[Site "Vendrell (Spain)"]
[Round "8"]
[White "Pros Heras Jordi (ESP)"]
[Black "Hernando Rodrigo Jose Maria (ESP)"]
[Result "0-1"]
[WhiteElo "2119"]
[BlackElo "2321"]

1.d4 d6 2.Nf3 Bg4 3.c4 Bxf3 4.gxf3 Nd7 5.Qb3 Rb8 6.Nc3 e5 7.dxe5 Nxe5 8.f4 Nc6
9.Bg2 Nge7 10.e3 g6 11.Bd2 Bg7 12.Ne4 O-O 13.Bc3 Nf5 14.O-O-O Nh4 15.Bxg7 Kxg7
16.Qc3+ f6 17.Bh3 Qe7 18.Ng5 Nd8 19.c5 h6 20.cxd6 cxd6 21.Rd4 hxg5 22.fxg5 Nf3
23.gxf6+ Qxf6 24.Qc7+ Rf7 25.Qxb8 Nxd4 26.exd4 Qf4+ {#R} 0-1

[Event "Ch Yugoslavia (team) (1 liga)"]
[Site "Niksic (Yugoslavia)"]
[Round "11"]
[White "Blagojevic Dragisa (MNE)"]
[Black "Guzijan Miodrag (SRB)"]
[Result "1-0"]
[WhiteElo "2475"]
[BlackElo "2370"]

1.d4 d6 2.Nf3 Bg4 3.c4 Nd7 4.e4 e5 5.Be2 Ngf6 6.Nc3 Be7 7.O-O O-O 8.Be3 c6
9.d5 cxd5 10.cxd5 a6 11.Nd2 Bxe2 12.Qxe2 Ne8 13.b4 g6 14.Nc4 Bg5 15.Bxg5 Qxg5
16.Rac1 Qe7 17.Na5 Rb8 18.Nd1 f5 19.f3 Ndf6 20.Nf2 Ng7 21.Rc3 Qd7 22.Rfc1 Qb5
23.Qxb5 axb5 24.Rc7 Rf7 25.Rxf7 Kxf7 26.Rc7+ {#r} 1-0

[Event "It"]
[Site "Beer-Sheva (Israel)"]
[Round "9"]
[White "Mikhalevski Alexander (ISR)"]
[Black "Finkel Alexander (ISR)"]
[Result "1-0"]
[WhiteElo "2460"]
[BlackElo "2505"]

1.d4 d6 2.c4 e5 3.d5 f5 4.e4 fxe4 5.Nc3 Nf6 6.Nge2 Na6 7.Ng3 Nc5 8.Bg5 Be7
9.Bxf6 Bxf6 10.Ncxe4 Nxe4 11.Nxe4 O-O 12.Bd3 c6 13.dxc6 bxc6 14.Nxd6 e4
15.Bxe4 Qa5+ 16.Qd2 Qc5 17.b4 Qe5 18.O-O Be7 19.Bxc6 Bxd6 20.f4 Qf6 21.Bxa8
Bxf4 22.Bd5+ Kh8 23.Qxf4 {#r} 1-0

[Event "It (open) "]
[Site "Bratislava (Slovakia)"]
[Round "9"]
[White "Nemec Tadeus (SVK)"]
[Black "Likavsky Tomas (SVK)"]
[Result "0-1"]
[WhiteElo "2055"]
[BlackElo "2305"]

1.d4 d6 2.c4 e5 3.dxe5 dxe5 4.Qxd8+ Kxd8 5.Nf3 f6 6.Nc3 Be6 7.e3 Nd7 8.Be2 c6
9.O-O h5 10.h4 Nh6 11.b3 Kc7 12.Bb2 Nf7 13.Rfd1 a5 14.Rac1 Nc5 15.Bd3 Nxd3
16.Rxd3 Rg8 17.e4 Rd8 18.Nb5+ cxb5 19.cxb5+ Kb6 {#R} 0-1

[Event "Ch Netherlands (students)"]
[Site "Leeuwarden (Netherlands)"]
[Round "3"]
[White "Van De Mortel Jan (NED)"]
[Black "De Heer Machiel (NED)"]
[Result "1-0"]
[WhiteElo "2280"]
[BlackElo "2226"]

1.d4 d6 2.Nf3 Bg4 3.e4 Nf6 4.Nc3 g6 5.h3 Bxf3 6.Qxf3 Nbd7 7.Bd2 Bg7 8.O-O-O
O-O 9.g4 c5 10.dxc5 Nxc5 11.g5 Nfd7 12.h4 Qb6 13.h5 Ne5 14.Qh3 Nxe4 15.hxg6
Rfc8 16.Qxh7+ Kf8 17.gxf7 Nxf7 {#r} 1-0

[Event "It (open)"]
[Site "Terrasa (Spain)"]
[Round "7"]
[White "Gual Pascual Antonio (ESP)"]
[Black "Bruned Segura Mario (ESP)"]
[Result "1-0"]
[WhiteElo "2430"]
[BlackElo "2124"]

1.d4 d6 2.c4 e5 3.Nf3 e4 4.Ng5 f5 5.g3 Be7 6.Nh3 c6 7.Bg2 Nf6 8.O-O Be6 9.d5
cxd5 10.Nf4 Bf7 11.cxd5 O-O 12.Nc3 Nbd7 13.f3 Nc5 14.fxe4 Nfxe4 15.Nxe4 Nxe4
16.g4 Qb6+ 17.e3 g6 18.Kh1 Bh4 19.Nh3 Qc5 20.gxf5 gxf5 21.Bxe4 fxe4 22.Qg4+
Bg6 23.Nf4 Bd8 24.Bd2 Qc8 25.Qg2 Rxf4 26.Rxf4 Qc4 27.Raf1 Be7 28.Rg4 {#r} 1-0

[Event "Ch Poland"]
[Site "Brzeg Dolny (Poland)"]
[Round "9"]
[White "Kempinski Robert (POL)"]
[Black "Czerwonski Aleksander (POL)"]
[Result "1-0"]
[WhiteElo "2510"]
[BlackElo "2410"]

1.d4 d6 2.Nf3 Bg4 3.c4 Nd7 4.d5 e5 5.dxe6 Bxe6 6.e4 Ngf6 7.Nc3 Nc5 8.Qd4 c6
9.Be2 Be7 10.O-O O-O 11.h3 Qb6 12.Rd1 Rad8 13.Rb1 d5 14.cxd5 cxd5 15.e5 Bf5
16.Bg5 Bxb1 17.Rxb1 Ncd7 18.Qxb6 Nxb6 19.exf6 Bxf6 20.Bxf6 gxf6 21.Rd1 Rfe8
22.Rd4 Rc8 23.Bd3 Red8 24.Rg4+ Kf8 25.Bxh7 Nc4 26.Nxd5 {#r} 1-0

[Event "It (cat.4)"]
[Site "Legnica (Poland)"]
[Round "1"]
[White "Umansky Vladimir (RUS)"]
[Black "Saskowski Jacek (POL)"]
[Result "1-0"]
[WhiteElo "2335"]
[BlackElo "2246"]

1.d4 d6 2.c4 Nd7 3.Nc3 c5 4.d5 g6 5.e4 Bg7 6.f4 Nh6 7.Nf3 O-O 8.Be2 f5 9.e5
dxe5 10.fxe5 Ng4 11.e6 Nde5 12.Nxe5 Bxe5 13.Bxg4 fxg4 14.Qxg4 b5 15.Bh6 Rf5
16.Rf1 Rxf1+ 17.Kxf1 bxc4 18.Qf3 Qe8 19.Kg1 Bb7 20.Rf1 Bf6 21.Qf4 Rd8 22.Qc7
Bd4+ 23.Kh1 Bxd5 24.Nxd5 Rxd5 25.Qd7 Rxd7 26.exd7 Qxd7 27.Rf8# 1-0

[Event "It (cat.10)"]
[Site "Olomouc (Czech Republic)"]
[Round "4"]
[White "Babula Vlastimil (CZE)"]
[Black "Mokry Karel (CZE)"]
[Result "1-0"]
[WhiteElo "2545"]
[BlackElo "2500"]

1.d4 d6 2.Nf3 Bg4 3.c4 g6 4.g3 Bg7 5.Bg2 Qc8 6.O-O Bh3 7.e4 Bxg2 8.Kxg2 e5
9.dxe5 dxe5 10.b3 f6 11.Nc3 Nh6 12.Ba3 Nf7 13.Nh4 c6 14.f4 Nd7 15.Qg4 Nf8
16.Nf5 Rg8 17.fxe5 gxf5 18.exf5 fxe5 19.Rad1 c5 20.Nd5 b6 21.f6 Ng6 22.Nc7+
Qxc7 23.Qe6+ Ne7 24.fxe7 Nh6 25.Rd8+ {#r} 1-0

[Event "It (open)"]
[Site "Ueckermuende (Germany)"]
[Round "4"]
[White "Roehl Rainer (GER)"]
[Black "Bigalke Steffen (GER)"]
[Result "1-0"]
[WhiteElo "2163"]
[BlackElo "2005"]

1.d4 d6 2.c4 e5 3.dxe5 dxe5 4.Qxd8+ Kxd8 5.Nf3 f6 6.g3 Be6 7.Nbd2 Bc5 8.Bg2 c6
9.O-O Nd7 10.Rd1 Kc7 11.b3 Ne7 12.Ne4 g5 13.Rxd7+ Bxd7 14.Nxc5 b6 15.Nxd7 Kxd7
16.Ba3 Rad8 17.Rd1+ Ke8 18.Rxd8+ Kxd8 19.Nd2 c5 20.Ne4 Kc7 21.Nc3 Rd8 22.Bc1
f5 23.Bxg5 {#r} 1-0

[Event "Ch Europe (team) (w)"]
[Site "Pula (Croatia)"]
[Round "6"]
[White "Matveeva Svetlana (RUS)"]
[Black "Velikhanli Firuza (AZE)"]
[Result "1-0"]
[WhiteElo "2470"]
[BlackElo "2310"]

1.d4 d6 2.Nf3 Bg4 3.c4 Bxf3 4.gxf3 c6 5.Qb3 Qc7 6.Nc3 e6 7.d5 Nf6 8.dxe6 fxe6
9.Bh3 Nbd7 10.Be3 Kf7 11.O-O-O Ne5 12.Qc2 d5 13.cxd5 cxd5 14.Kb1 Qc6 15.Bd4
Be7 16.Rhg1 Ned7 17.e4 dxe4 18.fxe4 Nb6 19.f4 Bc5 20.Bxe6+ Qxe6 21.Bxc5 g6
22.Rd6 {#r} 1-0

[Event "It (open)"]
[Site "Dresden (Germany)"]
[Round "4"]
[White "Elschner Annegret (GER)"]
[Black "Maiwald Jens-Uwe (GER)"]
[Result "0-1"]
[WhiteElo "2101"]
[BlackElo "2450"]

1.d4 d6 2.Bg5 f5 3.e3 g6 4.c4 Bg7 5.Nc3 Nf6 6.h4 O-O 7.Be2 h6 8.Bf4 Qe8 9.Nf3
Nbd7 10.Nb5 Qd8 11.c5 c6 12.Bc4+ Kh8 13.Nxd6 exd6 14.Bxd6 Ne4 15.Bxf8 Nxf8
16.Qb3 Rb8 17.Rd1 Qe7 18.Nd2 Nf6 19.Kf1 b5 20.Be2 Be6 21.Qa3 Qc7 22.Bf3 Rd8
23.Qa6 Nd5 24.Nb3 Nd7 25.Na5 Nb8 {#R} 0-1

[Event "Cup Russia (open)"]
[Site "Novgorod (Russia)"]
[Round "8"]
[White "Korniushin Nikolay (RUS)"]
[Black "Sokolov Andrei (LAT)"]
[Result "0-1"]
[WhiteElo "2250"]
[BlackElo "2585"]

1.d4 d6 2.g3 e5 3.Bg2 Nd7 4.c4 Ngf6 5.Nc3 Be7 6.e3 O-O 7.Nge2 c6 8.O-O Re8
9.b3 Qc7 10.Bb2 Nf8 11.Qc2 Ng6 12.Rac1 Bd7 13.b4 Qc8 14.d5 Bh3 15.f3 Bd8 16.e4
Bb6+ 17.Kh1 Be3 18.Rcd1 cxd5 19.cxd5 Bd7 20.Qd3 Bb6 21.Rc1 Qd8 22.Nb5 Bc8
23.Rc2 a6 24.Nbc3 Bd7 25.Rfc1 h5 26.Rb1 h4 27.Bc1 hxg3 28.hxg3 Nh5 {#R} 0-1

[Event "Ch Germany (juniors) (under 20) (w)"]
[Site "Apolda (Germany)"]
[Round "2"]
[White "Cleven Maria (GER)"]
[Black "Werner Isabel (GER)"]
[Result "0-1"]
[WhiteElo "2057"]
[BlackElo "2220"]

1.d4 d6 2.Nf3 Bg4 3.e4 Nf6 4.Nc3 c6 5.Be2 e6 6.h3 Bh5 7.Bg5 h6 8.Bh4 Be7 9.O-O
O-O 10.e5 Nd5 11.Bxe7 Qxe7 12.Ne4 dxe5 13.dxe5 Nd7 14.Ned2 Nf4 15.Re1 Rfd8
16.Kh2 Nxe5 17.Nxe5 Bxe2 18.Rxe2 Qg5 19.g3 Nxe2 20.Nef3 Qb5 21.c4 Qxb2 22.Rb1
Nc3 {#R} 0-1

[Event "Tournament"]
[Site "Kalavryta (Greece)"]
[Round "4"]
[White "Nikolaidis Konstantinos (GRE)"]
[Black "Pandavos Panayotis (GRE)"]
[Result "1-0"]
[WhiteElo "2325"]
[BlackElo "2355"]

1.d4 d6 2.Nf3 Bg4 3.Nbd2 Nd7 4.h3 Bxf3 5.Nxf3 g6 6.e4 Bg7 7.Bc4 e6 8.O-O Ne7
9.Qe2 O-O 10.Re1 h6 11.a4 d5 12.exd5 Nxd5 13.Bxd5 exd5 14.Qb5 Nb6 15.a5 a6
16.Qb4 Nc4 17.Qxb7 Qd6 18.Qb3 Rab8 19.Qc3 c5 20.b3 cxd4 21.Qd3 Rfc8 22.bxc4
dxc4 23.Qa3 Qd5 24.Bf4 Rb5 25.Be5 Bf8 26.Qc1 d3 27.cxd3 Qxd3 28.Qf4 {#r} 1-0

[Event "Oberliga East 1997/98"]
[Site "Germany"]
[Round "1"]
[White "Schoenfeld Frank (GER)"]
[Black "Spiess Gunter (GER)"]
[Result "0-1"]
[WhiteElo "2060"]
[BlackElo "2400"]

1.d4 d6 2.Nf3 Bg4 3.Bf4 Bxf3 4.exf3 Nf6 5.Bc4 d5 6.Bd3 e6 7.O-O Be7 8.Re1 O-O
9.Nd2 Nbd7 10.c4 c5 11.Be5 cxd4 12.Bxd4 Bc5 13.Bxc5 Nxc5 14.Nb3 Nxd3 15.Qxd3
Rc8 16.cxd5 Nxd5 17.Rad1 Qg5 18.Qe4 Qf6 19.Nd4 Rfd8 20.g3 Rc4 21.Qh4 Qxh4
22.gxh4 h5 23.b3 Rc7 24.Nb5 Rc2 25.a4 a6 26.Nd4 Rc3 27.Rc1 Rxc1 28.Rxc1 Nf4
{#R} 0-1

[Event "Tournament"]
[Site "Ontario (Canada)"]
[Round "5"]
[White "Zugic Igor (CAN)"]
[Black "Kiviaho Bob (CAN)"]
[Result "1-0"]
[WhiteElo "2320"]
[BlackElo "2180"]

1.d4 d6 2.Nf3 Bg4 3.c4 Bxf3 4.exf3 c6 5.Nc3 g6 6.Be3 Bg7 7.h4 Nf6 8.Qd2 Nbd7
9.g4 h6 10.O-O-O a6 11.Be2 b5 12.g5 hxg5 13.hxg5 Nh5 14.c5 d5 15.f4 Qa5
16.Bxh5 gxh5 17.Kb1 O-O-O 18.Nxd5 Qa4 19.Nxe7+ Kb7 20.Qc2 Qb4 21.a3 Qa5 22.d5
Nb8 23.Nxc6 Nxc6 24.dxc6+ Kxc6 25.Qe4+ Kc7 26.f5 Kb8 27.f6 Bf8 28.Qc6 {#r} 1-0

[Event "Bayern Regionalliga Southeast"]
[Site "Germany"]
[Round "3"]
[White "Weinberger Wolfgang"]
[Black "Poellner Ludwig"]
[Result "1-0"]
[WhiteElo "2020"]
[BlackElo "2110"]

1.d4 d6 2.c4 e5 3.Nf3 Bg4 4.Nbd2 Nc6 5.d5 Nce7 6.e4 f5 7.h3 Bxf3 8.Nxf3 h6
9.exf5 Nxf5 10.Nxe5 dxe5 11.Qh5+ Ke7 12.Qxf5 Qd6 13.Bd2 g6 14.Qg4 Kf7 15.Bd3
Bg7 16.c5 Qf6 17.O-O h5 18.Qc4 Nh6 19.d6+ Kf8 20.f4 exf4 21.Rxf4 Nf5 22.Bxf5
{#r} 1-0

[Event "It (open)"]
[Site "Ano Liosia (Greece)"]
[Round "2"]
[White "Agamaliev Gamil (AZE)"]
[Black "Efthimiou Efthimios (GRE)"]
[Result "1-0"]
[WhiteElo "2480"]
[BlackElo "2106"]

1.d4 d6 2.Nf3 Bg4 3.e4 Nf6 4.Nc3 e6 5.h3 Bh5 6.Qe2 c6 7.g4 Bg6 8.h4 h6 9.h5
Bh7 10.g5 hxg5 11.Bxg5 Be7 12.Bg2 d5 13.exd5 cxd5 14.Ne5 Nfd7 15.Bxe7 Qxe7
16.Qb5 b6 17.h6 gxh6 18.Kf1 Kf8 19.Nxd5 exd5 20.Qxd5 Nxe5 21.dxe5 Nc6 22.Qxc6
Rd8 23.Qxh6+ Kg8 24.Be4 {#r} 1-0

[Event "It (open)"]
[Site "Santiago (Chile)"]
[Round "9"]
[White "Araya Mario (CHI)"]
[Black "Toloza Pablo (CHI)"]
[Result "0-1"]
[WhiteElo "2153"]
[BlackElo "2385"]

1.d4 d6 2.Nf3 Bg4 3.e4 Nf6 4.Bd3 c6 5.O-O Nbd7 6.h3 Bh5 7.g4 Bg6 8.e5 dxe5
9.dxe5 Bxd3 10.Qxd3 Nd5 11.e6 fxe6 12.Ng5 Nc5 13.Qf3 Nf6 14.Rd1 Qc7 15.b4 h6
16.bxc5 hxg5 17.Bxg5 Qe5 18.Bxf6 exf6 19.Nc3 Qxc5 20.Qd3 Be7 21.Qg6+ Kf8
22.Ne4 Qe5 23.g5 Rxh3 24.gxf6 gxf6 25.Rab1 Qh2+ 26.Kf1 Qh1+ {#R} 0-1

[Event "It (juniors)"]
[Site "Tallinn (Estonia)"]
[Round "6"]
[White "Bekker-Jensen David (DEN)"]
[Black "Lehtinen Heikki (FIN)"]
[Result "1-0"]
[WhiteElo "2180"]
[BlackElo "2185"]

1.d4 d6 2.Nf3 g6 3.c4 Bg7 4.g3 e5 5.Bg2 Nc6 6.d5 Nce7 7.e4 f5 8.Nc3 Nf6 9.O-O
O-O 10.exf5 Bxf5 11.Ng5 Qd7 12.f4 exf4 13.Bxf4 h6 14.Nf3 g5 15.Be3 c5 16.dxc6
bxc6 17.Qd2 Bg6 18.Kh1 Nf5 19.Bg1 Rae8 20.Nd4 Nxd4 21.Bxd4 c5 22.Bg1 Ne4
23.Rxf8+ Bxf8 24.Qd5+ Qe6 25.Nxe4 Bxe4 26.Bxe4 {#r} 1-0

[Event "It"]
[Site "Loures (Portugal)"]
[Round "8"]
[White "Kogan Artur (ISR)"]
[Black "Dias Paulo (POR)"]
[Result "1-0"]
[WhiteElo "2500"]
[BlackElo "2250"]

1.d4 d6 2.Nf3 g6 3.c4 Bg7 4.Nc3 Nd7 5.g3 e5 6.Bg2 f5 7.dxe5 dxe5 8.Ng5 Nb6
9.Qxd8+ Kxd8 10.Nf7+ Ke8 11.Nxh8 Nxc4 12.Bd5 {#r} 1-0

[Event "It (cat.8)"]
[Site "Cherepovets (Russia)"]
[Round "7"]
[White "Zakhvatov Vladimir (RUS)"]
[Black "Komliakov Viktor (MDA)"]
[Result "0-1"]
[WhiteElo "2400"]
[BlackElo "2485"]

1.d4 d6 2.c4 e5 3.dxe5 dxe5 4.Qxd8+ Kxd8 5.Nc3 Be6 6.e4 Nc6 7.Be3 Nf6 8.f3 Nd7
9.O-O-O Kc8 10.Nge2 Bc5 11.Bxc5 Nxc5 12.Nd5 a5 13.Nec3 Re8 14.Be2 b6 15.Rd2
Kb7 16.Rhd1 f6 17.g3 Nd4 18.f4 c6 19.Ne3 Rad8 20.Bg4 Bg8 21.Nf5 Bxc4 22.Nxd4
exd4 23.Rxd4 Nd3+ 24.R1xd3 Bxd3 {#R} 0-1

[Event "Oberliga NRW 1997/98"]
[Site "Germany"]
[Round "4"]
[White "Berg Michael (GER)"]
[Black "Oepen Lothar (GER)"]
[Result "1-0"]
[WhiteElo "2294"]
[BlackElo "2073"]

1.d4 d6 2.c4 g6 3.Nc3 Bg7 4.Nf3 Bg4 5.e3 Nd7 6.Be2 e5 7.h3 Bxf3 8.Bxf3 c6
9.O-O Ngf6 10.b4 a6 11.a4 O-O 12.Ba3 Re8 13.b5 e4 14.bxc6 bxc6 15.Be2 c5
16.Qc2 cxd4 17.exd4 Qc7 18.Rab1 Bf8 19.Bc1 d5 20.c5 Nxc5 21.dxc5 Qxc5 22.Bg5
Bg7 23.Rfc1 h6 24.Bxf6 Bxf6 25.Nxe4 {#r} 1-0

[Event "Ch Hungary (team) 1997/98 (2 liga)"]
[Site "Hungary"]
[Round "0"]
[White "Barva Attila (HUN)"]
[Black "Donka Peter (HUN)"]
[Result "1-0"]
[WhiteElo "2300"]
[BlackElo "2245"]

1.d4 d6 2.Nf3 Bg4 3.c4 Bxf3 4.gxf3 g6 5.Qb3 Nc6 6.e3 Qc8 7.Bh3 f5 8.f4 Nf6
9.Nc3 e6 10.d5 Nd8 11.Bd2 Bg7 12.O-O-O exd5 13.cxd5 O-O 14.e4 Kh8 15.exf5 c6
16.Kb1 a5 17.Rhe1 a4 18.Nxa4 Nxd5 19.f6 Qc7 20.fxg7+ Kxg7 21.f5 gxf5 22.Rg1+
Kh8 23.Bh6 Rf7 24.Rde1 Qd7 25.Nb6 Nxb6 26.Qc3+ {#r} 1-0

[Event "It (open) "]
[Site "Bern (Switzerland)"]
[Round "3"]
[White "Riedener Toni (SUI)"]
[Black "Klauser Markus (SUI)"]
[Result "0-1"]
[WhiteElo "2010"]
[BlackElo "2380"]

1.d4 d6 2.c4 e5 3.Nf3 e4 4.Ng5 f5 5.g3 Be7 6.Nh3 Nf6 7.Bg2 c6 8.Nc3 Nbd7 9.b3
Nb6 10.O-O d5 11.c5 Nbd7 12.Bg5 Nf8 13.f4 Ne6 14.Bxf6 Bxf6 15.e3 Nxc5 16.Qc2
Ne6 {#R} 0-1

[Event "Bayern Landesliga South 1996/97"]
[Site "Germany"]
[Round "0"]
[White "Wirth Gotthard (GER)"]
[Black "Pape Joerg (GER)"]
[Result "0-1"]
[WhiteElo "2265"]
[BlackElo "2246"]

1.d4 d6 2.g3 g6 3.Bg2 Bg7 4.Nf3 c6 5.O-O Bg4 6.h3 Bxf3 7.Bxf3 h5 8.e4 Qb6 9.c3
Nd7 10.Nd2 Ngf6 11.Qb3 Qc7 12.Nc4 h4 13.Kg2 O-O-O 14.e5 dxe5 15.Nxe5 Nxe5
16.dxe5 Nd5 17.c4 Nb6 18.e6 f5 19.a4 hxg3 20.fxg3 Be5 21.a5 Na8 22.a6 b6
23.Qa4 Rd6 24.Re1 Bxg3 25.Kxg3 Rd2+ {#R} 0-1

[Event "VL1 1997/98"]
[Site "NRW (Germany)"]
[Round "3"]
[White "Haberhausen Ansgar (GER)"]
[Black "Kirilov Valentins (LAT)"]
[Result "1-0"]
[WhiteElo "2163"]
[BlackElo "2339"]

1.d4 d6 2.Nf3 g6 3.Bf4 Bg7 4.e3 Nf6 5.Bc4 O-O 6.h3 Nbd7 7.c3 Qe8 8.O-O e5
9.dxe5 dxe5 10.Bh2 Qe7 11.Nbd2 b6 12.Qe2 a6 13.a4 e4 14.Nd4 Bb7 15.Bxc7 Rfc8
16.Bg3 Ne5 17.Bb3 Nfd7 18.Nc4 Nxc4 19.Bxc4 Ne5 20.Bb3 Nd3 21.Rfd1 Qc5 22.Rab1
b5 23.axb5 axb5 24.Qg4 Rd8 25.Bh4 h5 26.Qxg6 Ne5 27.Qg3 Rd6 28.Be7 {#r} 1-0